Landlocked countries in Africa - Statistics

General Stats
  • This quiz has been taken 20 times
  • The average score is 14 of 16
Answer Stats
Answer % Correct
Mali
100%
Niger
100%
Burkina Faso
94%
Chad
94%
Zambia
94%
Zimbabwe
94%
Burundi
88%
Ethiopia
88%
Malawi
88%
South Sudan
88%
Uganda
88%
Rwanda
82%
Botswana
76%
Lesotho
76%
Central African Republic (CAR)
71%
Eswatini
71%
No matching quizzes found
Score Distribution
Percent of People with Each Score
Percentile by Number Answered
Your Score History
You have not taken this quiz